00988nam a2200229 a 450000100100000000500170001000800410002704000250006809000200009310000360011324500820014926000450023130000210027659000260029765000280032365000310035170000580038291000380044095201530047895201100063199900170074100001092420240412074221.0091013t1970 dr r 001 p spa d aDO-SdBNPbspacBNPHU aRD861.44bP833s1 aPorcella de Brea, Leonor92633910aSed y hambre /cLeonor Porcella de Brea ; prólogo Pedro Troncoso Sánchez. aSanto Domingo :bAmigo del Hogar,c1970. a179 p. ;c23 cm. aInventariado, 2018/BT 0aPoesía dominicana966 0aLiteratura dominicana.9671 aTroncoso Sánchez, Pedro,d1904-1989epról.923599 aValidado. Control de calidad. EMS 0010718PDaPDbPDcHDd2009-10-13iLF1l0o p10924-10r2020-06-25w2020-06-25yLFPDzDedicado por la autora a José García AybarZNo se presta 0010718PDaPDbPDcHDd2009-10-13iLF1l0o p10924-20r2020-06-25te.2w2020-06-25yLFPDZNo se presta c10662d10662